[Event "Getxo op 4th"]
[Site "Getxo"]
[Date "2019.09.12"]
[Round "6"]
[White "Miguelez Garcia, Erlantz"]
[Black "Del Prado Rodriguez, Xulio"]
[Result "0-1"]
[WhiteElo "2038"]
[BlackElo "2081"]
[PlyCount "62"]
[EventDate "2019.09.08"]
[EventType "swiss"]
[EventRounds "9"]
[EventCountry "ESP"]
[SourceTitle "EXT 2020"]
[Source "ChessBase"]
[SourceDate "2019.10.17"]
[SourceVersion "1"]
[SourceVersionDate "2019.10.17"]
[SourceQuality "1"]

1. c4 Nf6 2. Nc3 e6 3. g3 d5 4. d4 Bb4 5. Bg2 0-0 6. Nf3 dxc4 7. Qa4 Nd5 8. Bd2 c6 9. e4 b5 10. Qc2 Nxc3 11. Bxc3 Bxc3+ 12. bxc3 Nd7 13. e5 Nb6 14. h4 h6 15. Ng5 hxg5 16. hxg5 g6 17. f4 Nd5 18. Be4 Kg7 19. Rh7+ Kxh7 20. Qh2+ Kg8 21. Kd2 Qa5 22. Rc1 Qxa2+ 23. Rc2 Qb1 24. Qh6 Ne7 25. g4 a5 26. Ke3 Nd5+ 27. Kf3 Qd1+ 28. Re2 Nxc3 29. Bxg6 Qxe2+ 30. Kg3 Ne4+ 31. Kh3 Qf3+ 0-1

[Event "Getxo op 4th"]
[Site "Getxo"]
[Date "2019.09.09"]
[Round "3"]
[White "Miguelez Garcia, Erlantz"]
[Black "Sadusea, Johnny Fernando"]
[Result "1-0"]
[WhiteElo "2038"]
[BlackElo "2150"]
[PlyCount "93"]
[EventDate "2019.09.08"]
[EventType "swiss"]
[EventRounds "9"]
[EventCountry "ESP"]
[SourceTitle "EXT 2020"]
[Source "ChessBase"]
[SourceDate "2019.10.17"]
[SourceVersion "1"]
[SourceVersionDate "2019.10.17"]
[SourceQuality "1"]

1. d4 Nf6 2. Nf3 e6 3. c4 b6 4. a3 Bb7 5. Nc3 d5 6. cxd5 Nxd5 7. Qc2 Nd7 8. e4 Nxc3 9. bxc3 Be7 10. Bd3 0-0 11. 0-0 c5 12. Re1 Qc7 13. Qe2 e5 14. Bb2 Rac8 15. Bb5 exd4 16. cxd4 cxd4 17. Rac1 Nc5 18. Nxd4 Bg5 19. Rc3 Bf4 20. Nf5 Be5 21. Rh3 g6 22. Qd2 Bxb2 23. Qh6 f6 24. Bc4+ Kh8 25. Nh4 Rg8 26. Nxg6+ Rxg6 27. Qxg6 Qg7 28. Qf5 Re8 29. Rg3 Qd7 30. Qxd7 Nxd7 31. Bb5 Re7 32. Rd1 Bc8 33. Rgd3 Nf8 34. Rd8 Rc7 35. Rxf8+ Kg7 36. Rfd8 Bxa3 37. Bd7 Bb7 38. Bf5 Bc6 39. R1d3 Bb4 40. Rg3+ Kf7 41. Rd1 Ba4 42. Rh3 Be7 43. Rxh7+ Kg8 44. Ra1 Be8 45. Rh3 a5 46. Be6+ Kf8 47. Rh8+ 1-0

[Event "Getxo op 2nd"]
[Site "Getxo"]
[Date "2017.09.10"]
[Round "4"]
[White "Besga Lopez, Jose Angel"]
[Black "Miguelez Garcia, Erlantz"]
[Result "1-0"]
[WhiteElo "2105"]
[BlackElo "1959"]
[PlyCount "79"]
[EventDate "2017.09.09"]
[EventType "swiss"]
[EventRounds "9"]
[EventCountry "ESP"]
[SourceTitle "CBM 180 Extra"]
[Source "ChessBase"]
[SourceDate "2017.10.06"]
[SourceVersion "1"]
[SourceVersionDate "2017.10.06"]
[SourceQuality "1"]

1. e4 e5 2. Nf3 Nc6 3. d4 exd4 4. Bc4 Nf6 5. 0-0 Nxe4 6. Re1 d5 7. Bxd5 Qxd5 8. Nc3 Qa5 9. Nxe4 Be6 10. Bg5 Be7 11. Bxe7 Nxe7 12. Qxd4 0-0 13. Neg5 Nc6 14. Qf4 Rae8 15. c3 h6 16. Nxe6 Rxe6 17. Rxe6 fxe6 18. Qe4 Qd5 19. Qe2 e5 20. b4 e4 21. Nd2 Qd3 22. Qe3 Rd8 23. Nxe4 Qxe3 24. fxe3 Re8 25. Nc5 Rxe3 26. Rc1 Re2 27. a4 b6 28. Na6 Ra2 29. Re1 Kf7 30. Nxc7 Rxa4 31. Nd5 b5 32. Rf1+ Kg8 33. h4 a5 34. h5 axb4 35. cxb4 Nxb4 36. Ne7+ Kh7 37. Rf8 g5 38. hxg6+ Kg7 39. Rf7+ Kh8 40. Rh7# 1-0

[Event "Getxo op 2nd"]
[Site "Getxo"]
[Date "2017.09.09"]
[Round "2"]
[White "Huerga Leache, Mikel"]
[Black "Miguelez Garcia, Erlantz"]
[Result "1-0"]
[WhiteElo "2443"]
[BlackElo "1959"]
[PlyCount "65"]
[EventDate "2017.09.09"]
[EventType "swiss"]
[EventRounds "9"]
[EventCountry "ESP"]
[SourceTitle "CBM 180 Extra"]
[Source "ChessBase"]
[SourceDate "2017.10.06"]
[SourceVersion "1"]
[SourceVersionDate "2017.10.06"]
[SourceQuality "1"]

1. Nf3 d5 2. d4 Nf6 3. g3 e6 4. Bg2 Be7 5. 0-0 0-0 6. Nbd2 c5 7. c4 Nc6 8. cxd5 exd5 9. dxc5 Bxc5 10. Qc2 Bb6 11. b3 Re8 12. e3 Ne4 13. Bb2 Qe7 14. Nxe4 dxe4 15. Nd2 Bf5 16. Nc4 Rac8 17. Qc3 f6 18. Nxb6 axb6 19. Qc4+ Kh8 20. Qb5 Qc5 21. Qe2 Bg6 22. Rfd1 Qf5 23. h3 Ne5 24. g4 Qg5 25. Rd6 h5 26. Bxe5 Rxe5 27. Rad1 Qh4 28. Rd8+ Rxd8 29. Rxd8+ Kh7 30. Qc4 hxg4 31. Qc8 Kh6 32. Rh8+ Bh7 33. Bxe4 1-0

[Event "Getxo op 1st"]
[Site "Getxo"]
[Date "2016.09.16"]
[Round "9.8"]
[White "Perez Fernandez, Modesto C"]
[Black "Miguelez Garcia, Erlantz"]
[Result "1/2-1/2"]
[WhiteElo "2064"]
[BlackElo "1917"]
[PlyCount "123"]
[EventDate "2016.09.10"]
[EventType "swiss"]
[EventCountry "ESP"]
[SourceTitle "EXT 2024"]
[Source "ChessBase"]
[SourceDate "2023.10.10"]
[SourceVersion "1"]
[SourceVersionDate "2023.10.10"]
[SourceQuality "1"]

1. e4 e5 2. Nf3 Nc6 3. Bb5 Nf6 4. 0-0 Nxe4 5. d4 Nd6 6. dxe5 Nxb5 7. a4 Nbd4 8. Nxd4 d6 9. exd6 Bxd6 10. Re1+ Be7 11. Nxc6 Qxd1 12. Rxd1 bxc6 13. Bf4 Bf5 14. c3 Rd8 15. Nd2 Kd7 16. Nc4+ Kc8 17. Ne5 Rxd1+ 18. Rxd1 Bc2 19. Ra1 Kb7 20. Be3 Bb3 21. Nf3 c5 22. Nd2 Bd5 23. c4 Be6 24. Nb3 Kb6 25. a5+ Kc6 26. a6 Bxc4 27. Na5+ Kb5 28. Nb7 Bd5 29. Ra5+ Kb6 30. b4 Bxb7 31. axb7 Rb8 32. Bxc5+ Bxc5 33. Rxc5 Rxb7 34. Kf1 c6 35. Ke2 Rd7 36. Rf5 f6 37. Ke3 Rd5 38. Rf4 Kb5 39. h4 f5 40. f3 g6 41. g4 fxg4 42. fxg4 Ka4 43. Rf7 Kxb4 44. Rxa7 h6 45. Rh7 h5 46. Rh6 hxg4 47. Rxg6 c5 48. Rxg4+ c4 49. h5 Kb3 50. Rg6 c3 51. Rb6+ Kc2 52. h6 Rd7 53. Kf4 Rd5 54. Kg4 Rd4+ 55. Kg5 Kd3 56. Rc6 c2 57. Kg6 Rd8 58. h7 Kd2 59. Kg7 c1Q 60. Rxc1 Kxc1 61. h8Q Rxh8 62. Kxh8 1/2-1/2

[Event "Getxo op 1st"]
[Site "Getxo"]
[Date "2016.09.15"]
[Round "8.8"]
[White "Miguelez Garcia, Erlantz"]
[Black "Lacrosse, Marc"]
[Result "1-0"]
[WhiteElo "1917"]
[BlackElo "2247"]
[PlyCount "117"]
[EventDate "2016.09.10"]
[EventType "swiss"]
[EventCountry "ESP"]
[SourceTitle "EXT 2024"]
[Source "ChessBase"]
[SourceDate "2023.10.10"]
[SourceVersion "1"]
[SourceVersionDate "2023.10.10"]
[SourceQuality "1"]

1. c4 e6 2. Nc3 d5 3. d4 Nf6 4. cxd5 exd5 5. Bg5 Nbd7 6. e3 Be7 7. Bd3 0-0 8. Nge2 Re8 9. Qc2 Nf8 10. 0-0 c6 11. Rad1 Ng6 12. Ng3 Ng4 13. Bf4 Nxf4 14. Bxh7+ Kh8 15. exf4 Bd6 16. Bf5 Bxf4 17. Rfe1 Nh6 18. Bxc8 Rxc8 19. Nf5 Qf6 20. Nxh6 Bxh6 21. h3 g6 22. Qa4 a6 23. Rxe8+ Rxe8 24. Nxd5 Qd6 25. Nc3 Re7 26. Qc4 Bg7 27. d5 Bxc3 28. bxc3 cxd5 29. Qd4+ Qe5 30. Qxd5 Qxd5 31. Rxd5 Re1+ 32. Kh2 Re2 33. Rd7 Rxf2 34. Rxb7 Kg7 35. a4 Ra2 36. Rb4 Ra3 37. Rc4 g5 38. Kg3 f6 39. Kg4 Kg6 40. g3 Ra1 41. h4 f5+ 42. Kf3 g4+ 43. Ke3 Rf1 44. Rf4 Rc1 45. c4 Rc3+ 46. Kd4 Rxg3 47. c5 Rh3 48. c6 Rxh4 49. c7 Rh8 50. Ke5 Re8+ 51. Kd6 Kg5 52. Rc4 Rc8 53. Kd7 Rxc7+ 54. Rxc7 f4 55. Ke6 f3 56. Rf7 Kh4 57. Ke5 Kg3 58. Ke4 Kg2 59. Ke3 1-0

[Event "Getxo op 1st"]
[Site "Getxo"]
[Date "2016.09.13"]
[Round "5.6"]
[White "Sadusea, Johnny Fernando"]
[Black "Miguelez Garcia, Erlantz"]
[Result "1-0"]
[WhiteElo "2151"]
[BlackElo "1917"]
[PlyCount "81"]
[EventDate "2016.09.10"]
[EventType "swiss"]
[EventCountry "ESP"]
[SourceTitle "EXT 2024"]
[Source "ChessBase"]
[SourceDate "2023.10.10"]
[SourceVersion "1"]
[SourceVersionDate "2023.10.10"]
[SourceQuality "1"]

1. Nf3 Nf6 2. g3 b6 3. Bg2 Bb7 4. 0-0 e6 5. c4 Be7 6. Nc3 0-0 7. b3 c5 8. Bb2 d6 9. Qc2 Na6 10. Rad1 Rc8 11. Qb1 Qc7 12. e4 Qb8 13. d4 cxd4 14. Nxd4 Nc5 15. Rfe1 a6 16. h3 b5 17. cxb5 axb5 18. Ndxb5 Ncxe4 19. Bxe4 Nxe4 20. Rxe4 Bxe4 21. Qxe4 d5 22. Qe2 Bc5 23. Kh2 Rcd8 24. a4 Qb6 25. Kg2 f5 26. Qe5 Rf7 27. Ne2 Bxf2 28. Ned4 Bxd4 29. Bxd4 Qc6 30. Nc3 f4 31. Rf1 Qb7 32. g4 Qxb3 33. Rxf4 Qc2+ 34. Ne2 Qg6 35. a5 Rc8 36. a6 h5 37. a7 Rxf4 38. Nxf4 Rc2+ 39. Kg3 h4+ 40. Kxh4 Qh6+ 41. Kg3 1-0

[Event "San Sebastian Primavera de Gros op 11th"]
[Site "San Sebastian"]
[Date "2015.06.06"]
[Round "7"]
[White "Sanchez Ruesga, Hector"]
[Black "Miguelez Garcia, Erlantz"]
[Result "1-0"]
[WhiteElo "2099"]
[BlackElo "1946"]
[PlyCount "175"]
[EventDate "2015.04.25"]
[EventType "swiss"]
[EventRounds "8"]
[EventCountry "ESP"]
[SourceTitle "EXT 2019"]
[Source "ChessBase"]
[SourceDate "2018.10.10"]
[SourceVersion "1"]
[SourceVersionDate "2018.10.10"]
[SourceQuality "1"]

1. d4 Nf6 2. c4 e6 3. Nf3 d5 4. g3 Be7 5. Bg2 0-0 6. 0-0 dxc4 7. Qa4 a6 8. Qxc4 b5 9. Qc2 Bb7 10. Bd2 Be4 11. Qc1 Qc8 12. b4 Nd5 13. Nc3 Nxc3 14. Bxc3 Nc6 15. Qb2 Bf6 16. Ne1 Bxg2 17. Nxg2 a5 18. a3 axb4 19. axb4 Rxa1 20. Rxa1 Qb7 21. Nf4 Ra8 22. Rxa8+ Qxa8 23. Nh5 Ne7 24. d5 Nxd5 25. Nxf6+ gxf6 26. Bxf6 Nxf6 27. Qxf6 Qd5 28. e4 Qxe4 29. Qg5+ Qg6 30. Qxb5 Qb1+ 31. Kg2 Qe4+ 32. Kh3 c6 33. Qg5+ Kf8 34. Qc5+ Ke8 35. f4 Qd5 36. Qc2 Qh5+ 37. Kg2 Qd5+ 38. Kf2 h6 39. Qc3 Ke7 40. Ke3 Qg2 41. Qc5+ Kd7 42. Qh5 Qg1+ 43. Ke2 Qg2+ 44. Ke3 Qg1+ 45. Kd3 Qb1+ 46. Kc3 Qc1+ 47. Kd3 Qb1+ 48. Ke2 Qe4+ 49. Kf2 Qc2+ 50. Kg1 Qb1+ 51. Kg2 Qe4+ 52. Kh3 Qg6 53. Kh4 Qf6+ 54. Kg4 Qg7+ 55. Kh3 Qg6 56. Qe5 h5 57. Qe2 f5 58. Kh4 Qg4+ 59. Qxg4 hxg4 60. Kg5 Kd6 61. Kf6 Kd5 62. Ke7 e5 63. fxe5 Kxe5 64. Kd7 Kd5 65. Kc7 c5 66. b5 c4 67. b6 c3 68. b7 c2 69. b8Q c1Q+ 70. Kd7 Qc6+ 71. Ke7 Qe6+ 72. Kf8 Qh6+ 73. Kf7 Qxh2 74. Qf4 Qh5+ 75. Kf6 Qh8+ 76. Kxf5 Qc8+ 77. Kg5 Qg8+ 78. Kh5 Qh7+ 79. Kxg4 Ke6 80. Qe3+ Kf6 81. Qb6+ Ke5 82. Qc5+ Ke6 83. Qe3+ Kf6 84. Qg5+ Ke6 85. Qf4 Qg6+ 86. Kh4 Qh7+ 87. Kg5 Qg7+ 88. Kh5 1-0

[Event "San Sebastian Primavera de Gros op 11th"]
[Site "San Sebastian"]
[Date "2015.05.30"]
[Round "6"]
[White "Miguelez Garcia, Erlantz"]
[Black "Prieto Aranguren, Alain"]
[Result "1-0"]
[WhiteElo "1946"]
[BlackElo "2181"]
[PlyCount "59"]
[EventDate "2015.04.25"]
[EventType "swiss"]
[EventRounds "8"]
[EventCountry "ESP"]
[SourceTitle "EXT 2019"]
[Source "ChessBase"]
[SourceDate "2018.10.10"]
[SourceVersion "1"]
[SourceVersionDate "2018.10.10"]
[SourceQuality "1"]

1. d4 Nf6 2. c4 g6 3. Nc3 Bg7 4. e4 d6 5. Nf3 0-0 6. Be2 Nbd7 7. Bg5 h6 8. Bh4 e5 9. d5 g5 10. Bg3 Nh5 11. h4 Nxg3 12. fxg3 g4 13. Nh2 h5 14. 0-0 Bh6 15. Bd3 Nc5 16. Bc2 a5 17. Qe2 c6 18. Rf2 Qb6 19. Rb1 f5 20. exf5 Bxf5 21. Bxf5 Rxf5 22. Nxg4 hxg4 23. Qxg4+ Bg7 24. Rxf5 Re8 25. Kh2 e4 26. Qg6 Re7 27. Rbf1 Qd8 28. Rh5 Qb6 29. Rhf5 Kh8 30. Qg4 1-0

[Event "San Sebastian Primavera de Gros op 11th"]
[Site "San Sebastian"]
[Date "2015.05.23"]
[Round "5"]
[White "Vicente Ezeiza, Mikel"]
[Black "Miguelez Garcia, Erlantz"]
[Result "0-1"]
[WhiteElo "1805"]
[BlackElo "1946"]
[PlyCount "58"]
[EventDate "2015.04.25"]
[EventType "swiss"]
[EventRounds "8"]
[EventCountry "ESP"]
[SourceTitle "EXT 2019"]
[Source "ChessBase"]
[SourceDate "2018.10.10"]
[SourceVersion "1"]
[SourceVersionDate "2018.10.10"]
[SourceQuality "1"]

1. e4 c5 2. d4 cxd4 3. c3 Nf6 4. e5 Nd5 5. cxd4 Nc6 6. Nc3 Nxc3 7. bxc3 d6 8. exd6 Qxd6 9. Nf3 g6 10. Bc4 Bg7 11. 0-0 0-0 12. Qa4 Bd7 13. Ba3 Nxd4 14. Bxd6 Nxf3+ 15. gxf3 Bxa4 16. Bxe7 Rfe8 17. Bg5 Rac8 18. Bd5 Rc5 19. c4 Bxa1 20. Rxa1 Bc6 21. Be3 Ra5 22. Rd1 Rxa2 23. c5 Bxd5 24. Rxd5 a5 25. Rd7 Rb2 26. c6 bxc6 27. Rc7 Ra8 28. Rxc6 Rb1+ 29. Kg2 a4 0-1

[Event "Donostia Spring op 10th"]
[Site "Donostia"]
[Date "2014.05.10"]
[Round "1.8"]
[White "Miguelez Garcia, Erlantz"]
[Black "Armendariz Olalla, Sebastian"]
[Result "1-0"]
[WhiteElo "2007"]
[BlackElo "1604"]
[PlyCount "93"]
[EventDate "2014.05.10"]
[EventType "swiss"]
[EventRounds "7"]
[EventCountry "ESP"]
[SourceTitle "EXT 2024"]
[Source "ChessBase"]
[SourceDate "2023.10.10"]
[SourceVersion "1"]
[SourceVersionDate "2023.10.10"]
[SourceQuality "1"]

1. c4 e5 2. Nf3 d6 3. d4 e4 4. Ng5 f5 5. g3 Be7 6. Nh3 Nf6 7. Nc3 0-0 8. Bg2 c6 9. b3 a5 10. 0-0 Be6 11. d5 Bd7 12. f3 exf3 13. exf3 Na6 14. Re1 Qb6+ 15. Be3 Qc7 16. Na4 c5 17. Nb2 Rae8 18. a4 Nh5 19. Bg5 Bf6 20. Bxf6 Nxf6 21. Nd3 Rxe1+ 22. Qxe1 Re8 23. Qd2 Nb4 24. Ndf4 Re7 25. Ng5 Qd8 26. Nge6 Qe8 27. Re1 g5 28. Qc3 gxf4 29. Qxf6 Bxe6 30. Rxe6 Rxe6 31. dxe6 Nc6 32. Bh3 Qg6 33. Qxf5 fxg3 34. Qxg6+ hxg6 35. hxg3 Nd4 36. f4 Kf8 37. Kf2 Ke7 38. Ke3 Nxb3 39. g4 Nd4 40. f5 gxf5 41. gxf5 Kf6 42. Ke4 b6 43. Kd5 Ke7 44. f6+ Kxf6 45. Kxd6 Kg7 46. e7 Kf7 47. Kd7 1-0

[Event "Donostia Spring op 09th"]
[Site "Donostia"]
[Date "2013.05.18"]
[Round "6"]
[White "Navarro Navarro, Juan Manuel"]
[Black "Miguelez Garcia, Erlantz"]
[Result "0-1"]
[WhiteElo "1913"]
[BlackElo "1996"]
[PlyCount "84"]
[EventDate "2013.04.19"]
[EventType "swiss"]
[EventRounds "8"]
[EventCountry "ESP"]
[SourceTitle "EXT 2024"]
[Source "ChessBase"]
[SourceDate "2023.10.10"]
[SourceVersion "1"]
[SourceVersionDate "2023.10.10"]
[SourceQuality "1"]

1. d4 Nf6 2. Nf3 e6 3. Bf4 b6 4. e3 Bb7 5. Nbd2 c5 6. c3 cxd4 7. cxd4 Be7 8. Rc1 Nd5 9. Bg3 f5 10. Bc4 0-0 11. 0-0 Nf6 12. Qe2 Nc6 13. a3 Rc8 14. b4 Kh8 15. Ba6 Bxa6 16. Qxa6 Nd5 17. b5 Na5 18. Rxc8 Qxc8 19. Qxa7 Bxa3 20. h3 Bb4 21. Be5 Kg8 22. e4 fxe4 23. Nxe4 Qb7 24. Qxb7 Nxb7 25. Rc1 Ra8 26. g4 h6 27. g5 Ra5 28. g6 Ra8 29. h4 Rd8 30. h5 Be7 31. Ra1 Na5 32. Bd6 Kf8 33. Be5 d6 34. Bg3 Ke8 35. Rc1 Kd7 36. Kf1 Rf8 37. Ke2 Rf5 38. Nc3 Nxc3+ 39. Rxc3 Rxh5 40. Nd2 Rxb5 41. Ne4 Rb2+ 42. Kf3 Rb3 0-1

[Event "San Sebastian op 36th"]
[Site "San Sebastian"]
[Date "2013.03.26"]
[Round "5"]
[White "Miguelez Garcia, Erlantz"]
[Black "Abalia Patino, Aritz"]
[Result "0-1"]
[WhiteElo "2033"]
[BlackElo "1658"]
[PlyCount "78"]
[EventDate "2013.03.23"]
[EventType "swiss"]
[EventRounds "9"]
[EventCountry "ESP"]
[SourceTitle "CBM 153 Extra"]
[Source "ChessBase"]
[SourceDate "2013.04.22"]
[SourceVersion "1"]
[SourceVersionDate "2013.04.22"]
[SourceQuality "1"]

1. d4 Nf6 2. c4 g6 3. Nc3 Bg7 4. e4 d6 5. Be2 0-0 6. Bg5 Nbd7 7. Nf3 e5 8. d5 a5 9. Nd2 Nc5 10. f3 Qd7 11. g4 c6 12. Qc2 Rb8 13. h4 cxd5 14. Bxf6 Bxf6 15. Nxd5 Bg7 16. h5 Ne6 17. h6 Bh8 18. Nf1 b5 19. cxb5 Bb7 20. Nfe3 Bxd5 21. Nxd5 Nd4 22. Qa4 Rfc8 23. Nc3 d5 24. Nxd5 Rc2 25. Bd1 Rxb2 26. Qa3 Rg2 27. Kf1 Rd2 28. Ne7+ Kf8 29. Nxg6+ Kg8 30. Ne7+ Kf8 31. Nc6+ Kg8 32. Rh5 Nxc6 33. Rg5+ Bg7 34. Rxg7+ Kh8 35. bxc6 Qd4 36. Be2 Qxa1+ 37. Kf2 Qd4+ 38. Qe3 Rxe2+ 39. Kxe2 Rb2+ 0-1

[Event "Mondragon Arrasate Hiria op 12th"]
[Site "Mondragon"]
[Date "2012.10.19"]
[Round "6"]
[White "Miguelez Garcia, Erlantz"]
[Black "Villar Moron, Roberto"]
[Result "1-0"]
[WhiteElo "2065"]
[BlackElo "1899"]
[PlyCount "125"]
[EventDate "2012.09.14"]
[EventType "swiss"]
[EventRounds "6"]
[EventCountry "ESP"]
[SourceTitle "EXT 2013"]
[Source "ChessBase"]
[SourceDate "2012.11.22"]
[SourceVersion "1"]
[SourceVersionDate "2012.11.22"]
[SourceQuality "1"]

1. c4 Nf6 2. Nc3 g6 3. e4 d6 4. d4 Bg7 5. Nf3 0-0 6. Be2 c5 7. Be3 cxd4 8. Nxd4 Nc6 9. Nc2 Bd7 10. Qd2 Ng4 11. Bxg4 Bxg4 12. Rc1 Ne5 13. b3 Qa5 14. Nd4 Rac8 15. f3 Bd7 16. 0-0 Nc6 17. Nde2 h5 18. Rfd1 h4 19. Nd5 Qxd2 20. Rxd2 b6 21. f4 Rfe8 22. Bf2 h3 23. g3 Bg4 24. Re1 Kf8 25. Nd4 Red8 26. Nxc6 Rxc6 27. Bd4 Bh6 28. Rf2 Be6 29. f5 gxf5 30. Nxe7 Rc7 31. Nxf5 Bxf5 32. Rxf5 Bg7 33. Bxg7+ Kxg7 34. Rg5+ Kh6 35. Rg4 Re8 36. Rh4+ Kg5 37. Rxh3 f5 38. Rh4 Rce7 39. Rf4 fxe4 40. h4+ Kh5 41. Re3 Re5 42. Kg2 R8e7 43. Kh3 R7e6 44. g4+ Kg6 45. Kg3 Re7 46. Rf8 Rh7 47. h5+ Kg7 48. Rd8 Rh6 49. Rd7+ Kf8 50. Rxa7 Rf6 51. Rb7 Rf1 52. Rxb6 Rg1+ 53. Kh3 Rd1 54. Kg2 Ke7 55. Rb7+ Ke6 56. Rg7 Rd2+ 57. Kg3 Rd3 58. Rg6+ Ke7 59. Kf4 Rd1 60. h6 Rf1+ 61. Kg3 Kf7 62. Rxd6 Rg1+ 63. Kf4 1-0

[Event "Mondragon Arrasate Hiria op 12th"]
[Site "Mondragon"]
[Date "2012.10.07"]
[Round "4"]
[White "Miguelez Garcia, Erlantz"]
[Black "San Jose Madinabeitia, Iban"]
[Result "1-0"]
[WhiteElo "2065"]
[BlackElo "1834"]
[PlyCount "37"]
[EventDate "2012.09.14"]
[EventType "swiss"]
[EventRounds "6"]
[EventCountry "ESP"]
[SourceTitle "EXT 2013"]
[Source "ChessBase"]
[SourceDate "2012.11.22"]
[SourceVersion "1"]
[SourceVersionDate "2012.11.22"]
[SourceQuality "1"]

1. d4 d6 2. Nf3 c6 3. c4 g6 4. Nc3 Bg7 5. e4 f5 6. Bd3 Nf6 7. 0-0 fxe4 8. Nxe4 0-0 9. Re1 Nxe4 10. Bxe4 Bg4 11. h3 Bxf3 12. Bxf3 e5 13. dxe5 Bxe5 14. Bh6 Rf7 15. Rxe5 Rxf3 16. gxf3 Nd7 17. Qxd6 Nxe5 18. Qxe5 Qd7 19. Re1 1-0

[Event "Mondragon Arrasate Hiria op 12th"]
[Site "Mondragon"]
[Date "2012.09.14"]
[Round "1"]
[White "Uriarte Gabikagogeaskoa, Agustin"]
[Black "Miguelez Garcia, Erlantz"]
[Result "0-1"]
[WhiteElo "1509"]
[BlackElo "2065"]
[PlyCount "64"]
[EventDate "2012.09.14"]
[EventType "swiss"]
[EventRounds "6"]
[EventCountry "ESP"]
[SourceTitle "EXT 2013"]
[Source "ChessBase"]
[SourceDate "2012.11.22"]
[SourceVersion "1"]
[SourceVersionDate "2012.11.22"]
[SourceQuality "1"]

1. e4 c6 2. d4 d5 3. Nc3 dxe4 4. Nxe4 Bf5 5. Nc3 e6 6. Nf3 Nd7 7. Be3 Qc7 8. Qd2 Bb4 9. Be2 Ngf6 10. Bd3 Ne4 11. Bxe4 Bxe4 12. 0-0-0 Qa5 13. Rhg1 Bxc3 14. Qxc3 Qxc3 15. bxc3 Bxf3 16. gxf3 g6 17. Kd2 0-0-0 18. Ke2 Nb6 19. Bd2 Rhe8 20. Bg5 Rd5 21. h4 Ra5 22. Ra1 Ra3 23. Kd3 Nd5 24. Bd2 e5 25. Rgb1 exd4 26. Kxd4 Ra4+ 27. c4 Nb6 28. Rb4 Rd8+ 29. Kc3 Rxb4 30. Kxb4 Rxd2 31. Re1 Rxf2 32. Kc5 Kd7 0-1

[Event "Bizkaiko-ch Primary"]
[Site "Arrigorriagako"]
[Date "2012.??.??"]
[Round "1.1"]
[White "Miguelez Garcia, Erlantz"]
[Black "Herran Castro, Aitor"]
[Result "1-0"]
[WhiteElo "2065"]
[BlackElo "1845"]
[PlyCount "70"]
[EventDate "2012.10.20"]
[EventType "tourn"]
[EventRounds "6"]
[EventCountry "ESP"]
[SourceTitle "EXT 2024"]
[Source "ChessBase"]
[SourceDate "2023.10.10"]
[SourceVersion "1"]
[SourceVersionDate "2023.10.10"]
[SourceQuality "1"]

1. c4 Nf6 2. Nc3 d5 3. d4 c6 4. Nf3 Bf5 5. g3 e6 6. Bg2 Bd6 7. 0-0 Nbd7 8. Re1 0-0 9. a3 Rc8 10. b4 Bb8 11. Bg5 h6 12. Bxf6 Nxf6 13. Ne5 Ng4 14. Nxg4 Bxg4 15. Qb3 Qg5 16. Rac1 h5 17. e4 dxc4 18. Qxc4 e5 19. dxe5 h4 20. f4 Qh6 21. Qf1 a5 22. Na4 Rcd8 23. Bf3 f5 24. Bxg4 fxg4 25. Rcd1 Rxd1 26. Rxd1 Bxe5 27. Qe2 hxg3 28. hxg3 Bxf4 29. gxf4 Qxf4 30. Rf1 Qg3+ 31. Qg2 Qe3+ 32. Kh2 Rxf1 33. Qxf1 Qxa3 34. Nc5 Qxb4 35. Qf2 Qd4 1-0

[Event "Arrasate Hiria op 11th"]
[Site "Arrasate"]
[Date "2011.11.11"]
[Round "5.5"]
[White "Miguelez Garcia, Erlantz"]
[Black "Irure Crespo, Egoitz"]
[Result "0-1"]
[WhiteElo "2009"]
[BlackElo "1993"]
[PlyCount "46"]
[EventDate "2011.10.14"]
[EventType "swiss"]
[EventRounds "6"]
[EventCountry "ESP"]
[SourceTitle "EXT 2024"]
[Source "ChessBase"]
[SourceDate "2023.10.10"]
[SourceVersion "1"]
[SourceVersionDate "2023.10.10"]
[SourceQuality "1"]

1. e4 d5 2. exd5 Qxd5 3. Nc3 Qd8 4. d4 Nf6 5. Bc4 c6 6. Nf3 Bf5 7. Ne5 e6 8. g4 Bg6 9. h4 Bb4 10. f3 Nd5 11. h5 Nxc3 12. Qd2 Nb5 13. c3 f6 14. hxg6 fxe5 15. Rxh7 Rxh7 16. gxh7 Qh4+ 17. Qf2 Qxh7 18. dxe5 Nxc3 19. Bd2 Qh1+ 20. Bf1 Nd5 21. 0-0-0 Bxd2+ 22. Qxd2 Qxf3 23. Qg5 Qe3+ 0-1

[Event "Arrasate Hiria op 11th"]
[Site "Arrasate"]
[Date "2011.10.21"]
[Round "2.6"]
[White "De Andres Andres, Eugenio"]
[Black "Miguelez Garcia, Erlantz"]
[Result "0-1"]
[WhiteElo "1832"]
[BlackElo "2009"]
[PlyCount "70"]
[EventDate "2011.10.14"]
[EventType "swiss"]
[EventRounds "6"]
[EventCountry "ESP"]
[SourceTitle "EXT 2024"]
[Source "ChessBase"]
[SourceDate "2023.10.10"]
[SourceVersion "1"]
[SourceVersionDate "2023.10.10"]
[SourceQuality "1"]

1. d4 Nf6 2. Nf3 d5 3. Bf4 g6 4. Nc3 Bg7 5. Qd2 0-0 6. h3 c5 7. g4 cxd4 8. Nxd4 Ne4 9. Nxe4 dxe4 10. Be3 Qd5 11. Bg2 Nc6 12. Rd1 Be6 13. 0-0 Rad8 14. Nxc6 bxc6 15. b3 f5 16. Qc1 Qa5 17. Rxd8 Rxd8 18. gxf5 gxf5 19. a4 Qc3 20. Rd1 Rxd1+ 21. Qxd1 Kf7 22. Bxa7 Bd5 23. e3 Kg6 24. Bb6 c5 25. Qb1 Be5 26. a5 f4 27. exf4 Bxf4 28. Qd1 e6 29. Qg4+ Bg5 30. h4 Qa1+ 31. Kh2 Qe5+ 32. Kg1 e3 33. Qxg5+ Qxg5 34. hxg5 e2 35. Bxd5 e1Q+ 0-1

[Event "San Sebastian Primavera de Gros 7th op"]
[Site "San Sebastian"]
[Date "2011.05.28"]
[Round "4.1"]
[White "Argandona Riveiro, Inigo"]
[Black "Miguelez Garcia, Erlantz"]
[Result "1/2-1/2"]
[WhiteElo "2373"]
[BlackElo "1983"]
[PlyCount "45"]
[EventDate "2011.05.07"]
[EventType "swiss"]
[EventRounds "7"]
[EventCountry "ESP"]
[SourceTitle "EXT 2024"]
[Source "ChessBase"]
[SourceDate "2023.10.10"]
[SourceVersion "1"]
[SourceVersionDate "2023.10.10"]
[SourceQuality "1"]

1. Nf3 Nf6 2. c4 g6 3. Nc3 Bg7 4. e4 d6 5. d4 0-0 6. Be3 Nbd7 7. Nd2 e5 8. d5 h5 9. h3 Nh7 10. g4 hxg4 11. hxg4 Bf6 12. Qf3 Ng5 13. Bxg5 Bxg5 14. Qh3 Bxd2+ 15. Kxd2 Qg5+ 16. f4 Qxf4+ 17. Kc2 Kg7 18. g5 Qxg5 19. Qh7+ Kf6 20. Be2 Ke7 21. Rag1 Qf4 22. Rxg6 Nf6 23. Rxf6 1/2-1/2